000
00153 a2200085 4500
041
_a
eng
100
_a
David Mckeegan
245
_a
Workbook 2A
942
_c
BK
999
_c
15587
_d
15587